Etnohrafichna dii︠a︡lʹnistʹ V. I︠U︡. Okhrymovycha.

Bibliographic Details
Main Author: Malanchuk, V. A. (Viktorii︠a︡ Antonivna)
Format: Book
Language:Ukrainian
Published: Kyïv : Nauk. dumka, 1972.
Subjects:

MARC

Tag First Indicator Second Indicator Subfields
LEADER 00000cam a2200000I 4500
001 in00002094513
005 20151102175539.0
008 840215s1972 un ch b 000 0 ukrr
010 |a  72351072  
015 |a USSR*** 
035 |a (OCoLC)ocm10416241 
040 |a DLC  |c IAY  |d IAY  |d UtOrBLW 
049 |a TXAM 
050 0 0 |a GN21.O35  |b M3 
090 |a GN21.O35  |b M3 1972 
100 1 |a Malanchuk, V. A.  |q (Viktorii︠a︡ Antonivna) 
245 1 0 |a Etnohrafichna dii︠a︡lʹnistʹ V. I︠U︡. Okhrymovycha. 
264 1 |a Kyïv :  |b Nauk. dumka,  |c 1972. 
300 |a 137 pages :  |b facsimiles, portrait ;  |c 18 cm. 
336 |a text  |b txt  |2 rdacontent 
337 |a unmediated  |b n  |2 rdamedia 
338 |a volume  |b nc  |2 rdacarrier 
500 |a At head of title: Akademii︠a︡ nauk Ukraïnsʹkoï RSR. Instytut mystet︠s︡tvoznavstva, folʹkloru ta etnohrafiï im. M. T. Rylʹsʹkoho. V. A. Malanchuk. 
504 |a Includes bibliographical references. 
536 |a From the Estate of George and Mathilda Sabo by Dr. Joseph R. Corcoran & Irene Sabo Corcoran and Fam 
600 1 0 |a Okhrymovych, Volodymyr I︠U︡lianovych,  |d 1870- 
650 0 |a Ukrainians. 
650 0 |a Ethnology. 
948 |a cataloged  |b h  |c 2006/1/13  |d c  |e tchubary  |f 4:49:57 pm 
994 |a C0  |b TXA 
999 |a MARS 
999 f f |s 51772f85-1a49-3bd8-99ca-d8489e595e56  |i e8c43e88-b4d6-3d26-aecd-e07c8d8138ef  |t 0 
952 f f |p ric  |a Texas A&M University  |b Rellis Campus  |c Joint Library Facility  |d Remote Storage  |t 0  |e GN21.O35 M3 1972  |h Library of Congress classification  |i unmediated -- volume  |m A14833315588 
998 f f |a GN21.O35 M3 1972  |t 0  |l Remote Storage